=LDR 00000nam 2200000 4500 =001 INLIS000000000030267 =005 20171019121710 =035 ##$$a 0010-061300000030267 =008 171019###########################0#ind## =041 ##$$a ind =082 ##$$a 306.6 =090 ##$$a 306.6, BER a =100 ##$$a Berger, Peter L =245 1#$$a Langit Suci, Agama sebagai realita sosial, Peter L. Berger =260 ##$$a 1991 :$b Jakarta =300 ##$$a ix, 222 hlm., 21 cm =650 ##$$a Agama dan sosiologi =850 ##$$a NBPNMAT =990 ##$$a 97.382/PRO.96 =990 ##$$a 0001/BPAP-NTB/2015 =990 ##$$a 97.382/Pro-96